Akta Kastam 1967 (Akta 235) & Peraturan-peraturan (Record no. 760)

000 -LEADER
fixed length control field nam a22 a 4500
003 - CONTROL NUMBER IDENTIFIER
control field AKMAL
005 - DATE AND TIME OF LATEST TRANSACTION
control field 20170505093202.0
008 - FIXED-LENGTH DATA ELEMENTS--GENERAL INFORMATION
fixed length control field 170505s2006 my | e l 000 0 may d
020 ## - INTERNATIONAL STANDARD BOOK NUMBER
International Standard Book Number 967-89-1660-6 (kkt.)
082 04 - DEWEY DECIMAL CLASSIFICATION NUMBER
Classification number 343.595056 CUS
Edition number 22
090 00 - LOCALLY ASSIGNED LC-TYPE CALL NUMBER (OCLC); LOCAL CALL NUMBER (RLIN)
Classification number (OCLC) (R) ; Classification number, CALL (RLIN) (NR) 343.595056
Local cutter number (OCLC) ; Book number/undivided call number, CALL (RLIN) CUS
110 1# - MAIN ENTRY--CORPORATE NAME
Corporate name or jurisdiction name as entry element Malaysia
9 (RLIN) 400
245 10 - TITLE STATEMENT
Title Akta Kastam 1967 (Akta 235) & Peraturan-peraturan
Statement of responsibility, etc. disusun oleh Lembaga Penyelidikan Undang-Undang
Remainder of title pindaan (hingga 20hb Januari 2006) /
260 ## - PUBLICATION, DISTRIBUTION, ETC.
Place of publication, distribution, etc. Petaling Jaya :
Name of publisher, distributor, etc. International Law Book Services,
Date of publication, distribution, etc. 2006
300 ## - PHYSICAL DESCRIPTION
Extent 197ms. ;
Dimensions 24cm.
650 10 - SUBJECT ADDED ENTRY--TOPICAL TERM
Topical term or geographic name entry element Tariff
General subdivision Law and legislation
Geographic subdivision Malaysia
9 (RLIN) 20
650 20 - SUBJECT ADDED ENTRY--TOPICAL TERM
Topical term or geographic name entry element Customs administration
General subdivision Law and legislation
Geographic subdivision Malaysia
9 (RLIN) 1649
710 2# - ADDED ENTRY--CORPORATE NAME
Corporate name or jurisdiction name as entry element Lembaga Penyelidikan Undang-Undang
9 (RLIN) 1650
942 ## - ADDED ENTRY ELEMENTS (KOHA)
Source of classification or shelving scheme
Koha item type Book
Holdings
Withdrawn status Lost status Source of classification or shelving scheme Damaged status Not for loan Collection code Home library Current library Shelving location Date acquired Inventory number Total Checkouts Full call number Barcode Date last seen Date last checked out Price effective from Koha item type Public note
          NON-FICTION AKMAL Melaka AKMAL Melaka PINJAMAN 05.05.2017 304563 2 343.595056 CUS 201701632 22.11.2018 12.11.2018 05.05.2017 Book  
          NON-FICTION AKMAL Melaka AKMAL Melaka PINJAMAN 05.05.2017 304564 1 343.595056 CUS 201701631 18.06.2017 09.06.2017 05.05.2017 Book Dilupuskan. No. Fail. ARKIBMLK.600-6/9/1 Jld.7 (54)
Pusat Sumber Maklumat Dato' Haji Sarmin Md Hussin, Akademi Kastam Diraja Malaysia, Melaka
Tel: 06-2331106 | Faks: 06-2313787